000 00600nam a2200205 4500
001 139100
003 ES-MaACL
005 20230906195713.0
007 t|
008 070214s1963 sp r ||||1| spa d
100 1 _aSarazá Ortiz, Rafael.
_9103778
245 1 0 _aCanicultura, razas y explotación del perro /
_cRafael Sarazá Ortiz.
250 _a1ª. ed.
260 _aBarcelona :
_bSalvat,
_c1963.
300 _a767 p. :
_bil. ;
_c23 cm +
_e11 map.
490 1 _aAgrícola salvat
830 0 _aAgrícola salvat
_9181573
852 _aES-MaACL
_jC-23823
_bR.52520
999 _c139100
_d139100